| 000 | 01248ngm a22002777a 4500 | ||
|---|---|---|---|
| 005 | 20170224100657.0 | ||
| 008 | 150526b xxu||||| |||| 00| 0 spa d | ||
| 041 | _aspa | ||
| 082 | _a299 DVD | ||
| 100 |
_aRomán, Roberto _940668 |
||
| 245 | _aGuardián de biodiversidad | ||
| 260 |
_aCosta Rica _bEUNED _c2011 |
||
| 300 | _a23 minutos | ||
| 500 | _aDescripción detallada de los humedales de Costa Rica. Incluye la tipología de los humedales, sus características, períodos de estación seca y lluvioso, principales especies de flora y fauna, destacando las especies de aves migratorias y residentes, actividades agrícolas y ganaderas, amenazas y medios de conservación. Sobresale en análisis del Refugio Nacional de Vida Silvestre Laguna Mata Redonda. | ||
| 505 | _aContiene material adicional de aves, mamíferos, reptiles, peces, vegetación acuática, vegetación terrestre. | ||
| 650 |
_aCOSTA RICA _940669 |
||
| 650 |
_aHUMEDALES _920956 |
||
| 650 |
_aCONSERVACIÓN DE HUMEDALES _920959 |
||
| 650 |
_aÁREAS PROTEGIDAS _911818 |
||
| 650 |
_aFLORA _94418 |
||
| 650 |
_aFAUNA _94419 |
||
| 650 |
_aÁREAS SILVESTRES _99474 |
||
| 650 |
_aREFUGIOS DE VIDA SILVESTRE _940670 |
||
| 650 |
_aLAGUNA MATA REDONDA _940671 |
||
| 942 | _cDVD | ||
| 999 |
_c5977 _d5977 |
||